| 000 | 00637nam a2200217Ia 4500 | ||
|---|---|---|---|
| 003 | OSt | ||
| 005 | 20220111193059.0 | ||
| 008 | 210716s1978 xx 000 0 und d | ||
| 020 | _a0803910584 | ||
| 040 | _cAIMIT LIBRARY | ||
| 041 | _aeng | ||
| 082 |
_a001.42 _bHOOF |
||
| 100 |
_aHoole, Francis W. _913019 |
||
| 245 |
_aEvaluation Research and Development Activities. _cby Francis W. Hoole. |
||
| 260 |
_aLondon: _bSage Publications, _c1978. |
||
| 300 | _a205p. ; 21 cm. | ||
| 650 |
_aEvaluation Research. _913020 |
||
| 650 |
_aUsing Time Series Data. _913021 |
||
| 650 |
_aResearch Needs. _913022 |
||
| 942 |
_2ddc _cBK _k001.42 HOOF |
||
| 999 |
_c200598 _d200598 |
||